000 01914nam2a22003011 4500
001 rc\3716580
005 20250610041104.0
021 _aRU
_bРг3738-74
021 _aRU
_b74-19941
035 _a(NLR Aleph) 007681435
090 _a6542341
_c6542341
100 _a20130115d1972 |||y0rusy50 ca
101 0 _arus
102 _aRU
105 _ab z |||||
200 1 _aЛатвийская ССР
_f[Сост. инж. Асафьева М.Р., Л.П. Берице, Л.М. Гореленкова и др.]
_gГл. упр. гидрометеорол. службы ЛатССР. Риж. гидрометеорол. обсерватория
_hЧ. 4
_iВлажность воздуха, атмосферные осадки, снежный покров
210 _aРига
_d1972
215 _a689 с.
_cкарт.
_d27
461 0 _1001rc\3716534
_12001#$aСправочник по климату в СССР$e[В 34 вып.]$eВып. 1-$fГл. упр. гидрометеорол. службы при Совете Министров СССР. Сев. упр. гидрометеорол. службы. Арханг. гидрометеорол. обсерватория$vВып. 5
_96541868
_cАрхангельск
_d1972-
_fГл. упр. гидрометеорол. службы при Совете Министров СССР. Сев. упр. гидрометеорол. службы. Арханг. гидрометеорол. обсерватория
_nБ. и.
_o[В 34 вып.] : Вып. 1-
_tСправочник по климату в СССР
_vВып. 5
532 1 2 _aЛатвийская Советская Социалистическая Республика
702 1 _aБерице
_bЛ.П.
_4220
702 1 _aГореленкова
_bЛ.М.
_4220
702 1 _aАсафьева
_bМ.Р.
_4220
801 0 _aRU
_bNLR
_gpsbo
801 1 _aRU
_bELAR
_2rusmarc
852 _aNLR
_j69-7/3298
942 _cBOOK
980 _aNB